| 000 | 00519nam a2200181Ia 4500 | ||
|---|---|---|---|
| 999 |
_c37486 _d37486 |
||
| 003 | OSt | ||
| 005 | 20200928145940.0 | ||
| 008 | 190216s9999||||xx |||||||||||||| ||und|| | ||
| 020 | _a9788172335663 | ||
| 040 | _coclc | ||
| 082 |
_a595.7 _bTRI/M |
||
| 100 |
_aTrigunayat, M M _95091 |
||
| 245 | 0 |
_aA Manual Of Practical Entomology / _cM M Trigunayat |
|
| 260 |
_bScientific Book Agency, _c2009. _aJodhpur: |
||
| 300 | _a351p | ||
| 650 | _aZoology | ||
| 942 |
_cBK _2ddc _h595.7 _iTRI/M _k595.7 _mTRI/M |
||